书目信息 |
| 题名: |
城市绿地释氧效应场与空间优化
|
|
| 作者: | 高畅 , 刘大鹏 著 | |
| 分册: | ||
| 出版信息: | 天津 天津科学技术出版社 2017.5 |
|
| 页数: | 148页 | |
| 开本: | 26cm | |
| 丛书名: | ||
| 单 册: | ||
| 中图分类: | TU985.1 | |
| 科图分类: | ||
| 主题词: | 城市绿地--绿化规划--研究 | |
| 电子资源: | ||
| ISBN: | 978-7-5576-0330-4 | |
| 000 | 01156nam0 2200265 450 | |
| 001 | 0400001247 | |
| 005 | 20171015152553.0 | |
| 010 | @a978-7-5576-0330-4@dCNY45.00 | |
| 100 | @a20160203d2017 em y0chiy50 ea | |
| 101 | 0 | @achi |
| 102 | @aCN@b120000 | |
| 105 | @aa z 000yy | |
| 106 | @ar | |
| 200 | 1 | @a城市绿地释氧效应场与空间优化@9cheng shi lv di shi yang xiao ying chang yu kong jian you hua@f高畅,刘大鹏著 |
| 210 | @a天津@c天津科学技术出版社@d2017.5 | |
| 215 | @a148页@c图@d26cm | |
| 300 | @a十二五国家科技支撑计划项目:典型城镇群空间规划与动态监测技术集成与示范 国家自然科学基金项目:基于生态效应场与微气候优化的寒地居住小区空间布局研究项目联合资助出版 | |
| 330 | @a本书利用“3S”技术,解译沈阳市QuickBird遥感影像,提取城市绿地的分布信息,测定主要树种光合固碳释氧能力,计算城市绿地固碳释氧量,揭示城市绿地释氧效应场的空间变化特征及其分布规律。 | |
| 510 | 1 | @aUrban green space release oxygen effect and space optimization@zeng |
| 606 | 0 | @a城市绿地@x绿化规划@x研究 |
| 690 | @aTU985.1@v5 | |
| 701 | 0 | @a高畅@9gao chang@4著 |
| 701 | 0 | @a刘大鹏@9liu da peng@4著 |
| 801 | 0 | @aCN@b91MARC@c20171015 |
| 905 | @b1020624-8@dTU985.1@f5@e1005 | |
| 城市绿地释氧效应场与空间优化/高畅,刘大鹏著.-天津:天津科学技术出版社,2017.5 |
| 148页:图;26cm |
| 十二五国家科技支撑计划项目:典型城镇群空间规划与动态监测技术集成与示范 国家自然科学基金项目:基于生态效应场与微气候优化的寒地居住小区空间布局研究项目联合资助出版 |
| ISBN 978-7-5576-0330-4:CNY45.00 |
| 本书利用“3S”技术,解译沈阳市QuickBird遥感影像,提取城市绿地的分布信息,测定主要树种光合固碳释氧能力,计算城市绿地固碳释氧量,揭示城市绿地释氧效应场的空间变化特征及其分布规律。 |
| ● |
| 相关链接 |
|
|
|
|
正题名:城市绿地释氧效应场与空间优化
索取号:TU985.1/1005
 
预约/预借
| 序号 | 登录号 | 条形码 | 馆藏地/架位号 | 状态 | 备注 |
| 1 | 1020624 | 210206249 | 第二样本阅览室/ [索取号:TU985.1/1005] | 在馆 | |
| 2 | 1020625 | 210206258 | 密集书库-生命科学系/ [索取号:TU985.1/1005] | 在馆 | |
| 3 | 1020626 | 210206267 | 第三借阅区/ [索取号:TU985.1/1005] | 在馆 | |
| 4 | 1020627 | 210206276 | 第三借阅区/ [索取号:TU985.1/1005] | 在馆 | |
| 5 | 1020628 | 210206285 | 第三借阅区/ [索取号:TU985.1/1005] | 在馆 |